[Event "SRB-chT Central"]
[Site "Kraljevo"]
[Date "2014.09.14"]
[Round "3.2"]
[White "Parligras, Mircea Emilian"]
[Black "Atalik, Suat"]
[Result "1-0"]
[WhiteElo "2578"]
[BlackElo "2549"]
[Annotator "Atalik,S"]
[PlyCount "79"]
[EventDate "2014.09.13"]
[EventType "team-tourn"]
[EventRounds "11"]
[EventCountry "SRB"]
[SourceTitle "CBM 163"]
[Source "ChessBase"]
[SourceDate "2014.11.11"]
[SourceVersion "1"]
[SourceVersionDate "2014.11.11"]
[SourceQuality "1"]
[WhiteTeam "Pozega"]
[BlackTeam "Kraljevo"]
[WhiteTeamCountry "SRB"]
[BlackTeamCountry "SRB"]

{I have to admit to something - I lose almost every single game with Black
against this guy Parligras in QID or Bogo-Indian structures. I commit
illogical mistakes with the black pieces.} 1. d4 Nf6 2. c4 e6 3. Nf3 b6 4. g3
Bb4+ 5. Bd2 a5 6. Bg2 Bb7 7. O-O O-O {Is a5 such a bad commitment? Obviously
this is not the case. However with the developments in this game we see a
probing of the weakness on b5.} 8. Bg5 (8. Qc2 c5 $5 9. dxc5 Bxc5 10. Nc3 Be7
11. Rad1 Na6 {is sort of normal.}) (8. Bf4 Be7 9. Nc3 (9. Qc2 c5 $5 10. Nc3 (
10. dxc5 bxc5 11. Nc3 d6 12. Rad1 Qb6) 10... cxd4 11. Nxd4 Bxg2 12. Kxg2 Qc8 {
is a better version of the game when White does not have the Qf3 switch.}) 9...
Ne4 10. Qc2 (10. Rc1 d6 11. Qd3 Nxc3 12. Rxc3 f5 13. Qe3 Qc8 14. Bg5 Nc6 15. d5
Bxg5 16. Nxg5 Nd8 17. dxe6 Bxg2 18. e7 Re8 19. Kxg2 h6 20. exd8=Q Qxd8 $11 {
shows some intricacies of this line.}) 10... Nxc3 11. Qxc3 (11. bxc3 $5 Qc8 12.
e4 d6 $13) 11... d6 12. Qd3 f5 13. Qe3 Qc8 {is a position containing motifs
from my games with Fridman and Dizdarevic.}) 8... Be7 9. Qd3 $5 {A rare but
interesting line,after which I may not have reacted well.} c5 {I am not happy
with this decision of mine since it was only after the game that I realised
that Qd3 is aimed against c5.} (9... Nc6 10. Nc3 h6 11. Bxf6 Bxf6 12. e4 d6 {
is a good option.}) (9... c6 $5 10. Nc3 d5 $132) (9... d5 10. cxd5 exd5 11. Nc3
Na6 $5 {also seems logical.} (11... Ne4 12. Bxe7 Qxe7 13. Rac1 (13. Ne5 f6)
13... Na6)) 10. Nc3 cxd4 ({I am not particularly happy with} 10... Nc6 11. dxc5
$1 bxc5) (10... Na6 11. Rad1 cxd4 12. Qxd4 Nc5) 11. Nxd4 Bxg2 12. Kxg2 Nc6 (
12... Na6 13. Qf3 $14) (12... h6 13. Bf4 d5 14. Qf3 $14) 13. b3 Ne5 $5 {
I rushed to kick the queen from the 3rd rank so that it does not have access
to f3 at least temporarily.} (13... Nxd4 14. Qxd4 d5 15. Na4 Rb8 16. Rfd1 b5 (
16... Qe8 $5) 17. cxb5 Rxb5 18. Rac1 {does not fully equalise.}) 14. Qd2 h6 15.
Bf4 Ng6 16. Ndb5 $1 {Thus we have reached the first critical position of the
game when I suddenly became very ambitious.} Nxf4+ $6 (16... d5 $1 17. cxd5
Nxd5 18. Nxd5 Nxf4+ 19. gxf4 exd5 {should have equalised with both side having
their own weaknesses.} 20. Qd3 (20. Rad1 Qd7) 20... Qd7 21. h3 Rac8 $11) 17.
Qxf4 Rc8 (17... Qc8 18. e4 Qc6 19. f3 Rfd8 20. Rfd1 Ne8 $14) 18. Rfd1 $5 (18.
e4 d6 19. Rad1 Rc6 20. Qe3 Qa8 21. Rd4 Rfc8 22. Rfd1 Ne8 $14) 18... Rc6 19. Rd3
(19. e4 d6 20. Rd2 Nd7 21. Qe3 Qb8 22. Rad1 Nc5 $132) 19... Qa8 (19... Qb8 $6
20. Qxb8 Rxb8 21. e4 $16) 20. Kg1 $5 {A move showing sang froid but giving
Black some extra options.} (20. e4 d6 $5 (20... Rc5 21. f3 g5 22. Qe3 g4 $132)
21. Rad1 Nd7 22. Nxd6 $140 Bg5 23. Qf3 Ne5) (20. Qf3 $1 {I am more concerned
about this one which is in the true spirit of White's masterplan after 9.Qd3.}
Rc5 21. Qxa8 Rxa8 22. Rad1 $16) 20... Rc5 (20... d5 21. cxd5 Nxd5 22. Nxd5 exd5
23. a4 $1 (23. Nc7 g5 24. Qe5 Bd6 25. Qxd6 Rxd6 26. Nxa8 Rxa8 27. Rad1 Rc8 $11)
(23. Rxd5 Rc2 $44) 23... Rd8 24. Rad1 Rc5 25. h4 $14 {is still unpleasant for
Black.}) 21. e4 g5 $5 {And I did not keep my promises to myself before the
game. Strange enough this kind of approach does not work or at least has not
worked so far with GM Parligras.} (21... Rg5 22. f3) 22. Qf3 Qb8 (22... Re5 23.
Nd6 Qc6 24. Rad1 Kg7 25. h3 h5 26. Qe2 g4 27. h4 Ne8 28. Ndb5 d6 29. Qd2 Qc5
$16) 23. Rad1 Qe5 24. Nd6 Rc6 (24... Bxd6 25. Rxd6 Rc6 26. R6d4 Kg7 $16) 25.
Ncb5 $16 {As we mentioned in the opening phase of the game, White establishes
a grip around the b5-square.} g4 ({I could have been patient an interpolated} 
25... h5 $5) ({or} 25... a4 $5 26. b4) 26. Qe3 Nh7 $5 (26... h5 27. Qf4 $1 Bxd6
28. Nxd6 Qxf4 29. gxf4 Nd5 30. exd5 Rxd6 31. dxe6 Rxd3 32. exf7+ Kxf7 33. Rxd3
Ke6 34. Rd4 Rf5 $44) 27. h4 $1 gxh3 $2 {Truely optimistic.} (27... Kg7 28. Qe2
Nf6 $14) 28. Qxh6 $1 Ng5 29. Kh2 $6 {This slight inaccuracy brings Black back
into the game.} (29. Qh5 $142 $1 Qc5 (29... Kg7 30. Qe2 Qc5 31. Kh2 $18) 30.
Rd4 $1 $18 {questions fully my pawn sacrifice.}) 29... Nxe4 $1 (29... Qc5 30.
R1d2 Bxd6 31. Nxd6 Rxd6 32. Rxd6 Nf3+ 33. Kxh3 Qg5 (33... Nxd2 34. Qxd2) 34.
Qxg5+ Nxg5+ 35. Kg4 Nxe4 36. Rxd7 Nxd2 37. Rxd2 $18) (29... Bxd6 $5 30. Nxd6
Nxe4 31. Nxe4 Qxe4 32. Qxh3 e5 33. Kg1 $16) 30. Nxe4 Qxe4 31. Qxh3 $16 Bc5 $4 {
I completely neglected his primal threat.} ({The only way to continue the game
is} 31... Rc5 $1 32. Rxd7 (32. Rd4 Qg6 33. Rg4 Rg5 34. Rxg5 Qxg5 35. Rxd7 Kg7
$132) 32... Rf5 $1 33. Rf1 (33. Qg2 Qe2 34. R7d2 Qg4 35. Nd6 Bxd6 36. Rxd6 Kg7
37. Kg1 Rh8 38. R6d4 Qe2 39. R4d2 Qg4 $44) 33... Bc5 34. Nd6 Bxd6 35. Rxd6 Kg7
36. Kg1 (36. Qg2 Rh5+ 37. Kg1 Qh7 38. Qf3 Rh8 39. Qg4+ Kf6 $44) 36... a4 $5 $44
) 32. Rd4 $1 Bxd4 33. Rxd4 $18 {Sudden death!} Qg6 34. Rg4 Rc5 35. Qh4 Rf5 36.
Kg2 Kg7 37. Rxg6+ fxg6 38. Qd4+ e5 39. Qxd7+ R8f7 40. Qd2 1-0

[Event "Biel MTO op"]
[Site "Biel"]
[Date "2006.07.31"]
[Round "7"]
[White "Adianto, Utut"]
[Black "Atalik, Suat"]
[Result "1-0"]
[WhiteElo "2580"]
[BlackElo "2619"]
[Annotator "Atalik,S"]
[PlyCount "105"]
[EventDate "2006.07.24"]
[EventType "swiss"]
[EventRounds "11"]
[EventCountry "SUI"]
[SourceTitle "CBM 113 Extra"]
[Source "ChessBase"]
[SourceDate "2006.09.14"]
[SourceVersion "1"]
[SourceVersionDate "2006.09.14"]
[SourceQuality "1"]

1. d4 Nf6 2. c4 e6 3. Nf3 b6 4. g3 Bb7 5. Bg2 Bb4+ 6. Bd2 a5 7. O-O O-O 8. Bg5
Be7 9. Bxf6 $5 {A Karpovian move.} (9. Qc2 c5 $5 (9... Nc6 $5 10. a3 d5 11.
cxd5 Nxd5 12. Bxe7 Ncxe7 $14) 10. dxc5 bxc5 11. Bxf6 Bxf6 12. Ng5 Bxg5 13. Bxb7
Ra7 14. Bg2 Qb6 15. Nc3 d6 $14) 9... Bxf6 10. Nc3 d6 (10... d5 $6 {does not go
well with this system.} 11. cxd5 exd5 12. Qb3 $1 Re8 13. e3 Na6 14. Rfd1 $16)
11. e4 Nc6 $5 {I wanted him to be forced to push d5 after e4 and e5
respectively.} (11... Nd7 12. Re1 g6 13. e5 Bg7 $1 $13) 12. Re1 (12. e5 $6 dxe5
13. Nxe5 Nxd4 14. Bxb7 Bxe5 15. Bxa8 Qxa8 16. f4 Bd6 $44) 12... e5 13. d5 Ne7
$5 {Supporting f5 ideas.} (13... Nb4 14. Bh3 $14) (13... Nb8 14. Bh3 $14) 14.
a3 (14. Bh3 h5 15. a3 g6 16. b4 Kg7 $13) 14... Bc8 15. b4 Bd7 (15... Ng6 16. h4
) 16. Qd2 Ng6 17. h4 h5 18. Qe3 Qe7 19. Nd2 Nh8 $1 {Black wants to play g5.}
20. c5 $5 {Utut makes an interesting pawn sac.} (20. Nb5 Rfc8 $14) 20... axb4
21. axb4 bxc5 {I have decided to keep the queens in.} (21... dxc5 22. bxc5 Qxc5
23. Qxc5 bxc5 24. Bf3 (24. Nb3 Be7) 24... g6 25. Be2 $14) 22. bxc5 dxc5 23. Nc4
Rfb8 (23... g5 $2 24. d6 $1 cxd6 25. Nd5 $18) 24. Rxa8 Rxa8 25. Rb1 Qf8 (25...
Bc8 $5) (25... g5 $2 26. d6 cxd6 27. Nd5 (27. Nb6 Rb8) 27... Qe6 28. Nc7 Qxc4
29. Nxa8 $16) 26. Kh2 Rb8 27. Ra1 Rb4 (27... Rb3 28. Bf3 Rb4) 28. Bf1 Ng6 29.
Ra7 Qb8 30. Qxc5 Rb7 31. Rxb7 Qxb7 {Black is ready for the bishop's transfer
to the better diagonal with Be7.} 32. d6 $1 cxd6 33. Nxd6 $14 Qc6 {A practical
decision.} (33... Qb8 $6 34. Nd5 (34. Bc4 $2 Be7) 34... Qd8 35. Be2 Bxh4 (35...
Bg4 36. Bxg4 hxg4 37. Nf5 Nf8 $14) 36. Bxh5 Bf6 37. Bxg6 fxg6 $16) (33... Qb2
$6 34. Bc4 Be6 35. Bxe6 fxe6 36. Kg2 $16) 34. Qxc6 Bxc6 35. Be2 $1 (35. Bc4 Nh8
36. Be2 g6 37. Nd5 Bd8 $11) 35... Be7 36. Nc4 Bc5 $2 {Black may not be lost
after that but still this was unnecesary.} (36... f6 $1 37. Bxh5 Nf8 38. Bg4
Bc5 39. f4 exf4 40. gxf4 g6 $11 {was immediately pointed out by Ulf to me.}) (
36... Bb4 37. Nd5 Bxd5 38. exd5 Ne7 39. d6 Nc6 40. Bf3 Nd8 (40... Nd4 $2 41. d7
) 41. Bxh5 $16) 37. Bxh5 Bxf2 38. Bxg6 Bd4 (38... fxg6 $2 39. Nxe5 Be8 40. Nd5
Bd4 (40... Kf8 41. Nf4) 41. Ne7+ Kh7 42. Nf3 Bf6 43. Nd5 $16) 39. Nd5 Bxd5 40.
exd5 fxg6 41. Nd6 $1 {This optically looks winning but it may not be the case.}
Kf8 (41... Bc5 42. Ne4 Be7 43. Kg2 Kf7 44. Kf3 Bb4 45. Ng5+ Kf6 $16) (41... Bc3
42. Ne4 Be1 43. Kh3 (43. Kg2 Kf7 44. Kf1 Bb4 45. Ke2 Ke7 46. Kd3 Kd7 47. Kc4
Be7 48. Kb5 Bd6 49. Nxd6 (49. Nc5+ Kc7 50. Ne6+ Kd7 51. Kc4 e4 52. g4 Bg3 53.
Kd4 Bxh4 54. Kxe4 Ke7 55. Nxg7 Bg5 56. Ne6 Bc1 $16) 49... Kxd6 50. Kc4 g5 $1
51. hxg5 e4 52. Kd4 e3 53. Kxe3 Kxd5 $11) 43... Kf7 44. Kg4 Bb4 45. Ng5+ Ke7
46. Kf3 Be1 47. g4 (47. Ne6 Kd6) 47... Bxh4 48. Ne6 Kf6 $11) 42. Kg2 Ke7 43.
Ne4 Kd7 (43... Bb2 44. Kf3 Bc1 45. Ke2 Ba3 46. Kd3 Bb4 47. Kc4 Ba3 $16) 44. Kf3
Kc7 45. g4 Kd7 46. Ng5 Kd6 $4 {A terrible mistake.} (46... Ke7 47. Ne6 (47. Ke4
Bf2 48. Nf3 Kd6 49. h5 (49. Nxe5 Bxh4 50. Nxg6 Bg5 51. Nf8 $16) 49... gxh5 50.
gxh5 Bg3 51. Ng5 Bh4 52. Nf7+ Ke7 53. Nxe5 Kf6 54. Nf3 Bg3 $14) 47... Bc3 48.
Ke4 Be1 49. Kxe5 Bg3+ 50. Kd4 Bxh4 51. Kc5 Kf6 52. Kd6 Be1 53. Kd7 Ke5 $11) 47.
Ke4 $18 {Now it is gone.} Bf2 48. Nf7+ Kc5 (48... Ke7 49. Nxe5) 49. Kxe5 Bxh4
50. d6 Bf6+ 51. Ke6 g5 52. d7 Kd4 53. Kf5 $1 {Curtains.} 1-0

[Event "Nezhmetdinov Memorial 35th"]
[Site "Kazan"]
[Date "2013.06.03"]
[Round "4"]
[White "Mischuk, Dmitry"]
[Black "Atalik, Suat"]
[Result "0-1"]
[WhiteElo "2312"]
[BlackElo "2597"]
[Annotator "Atalik,S"]
[PlyCount "102"]
[EventDate "2013.05.31"]
[EventType "swiss"]
[EventRounds "9"]
[EventCountry "RUS"]
[SourceTitle "CBM 155"]
[Source "ChessBase"]
[SourceDate "2013.07.16"]
[SourceVersion "1"]
[SourceVersionDate "2013.07.16"]
[SourceQuality "1"]

1. d4 Nf6 2. c4 e6 3. Nf3 b6 4. g3 Bb4+ $5 (4... Ba6 5. Nbd2 Bb4 6. Qc2 Bb7 7.
Bg2 O-O 8. O-O d5) 5. Nbd2 $6 {This move loses a tempo compared to the line
above.} ({I wanted to play my old favourite} 5. Bd2 a5 6. Bg2 O-O 7. O-O Ba6 {
which is a Romanishin line.}) 5... Bb7 6. Bg2 O-O 7. O-O d5 (7... Re8 $5 8. Qc2
d5 9. Ne5 Bf8 {is the move order Jussupow has chosen.}) 8. Qc2 Re8 (8... Nbd7
9. Rd1 Rc8 $5) (8... Na6 $5 {were alternatives.}) 9. Ne5 (9. Rd1 Bf8 (9... Nbd7
10. Ne5 c5 $132) 10. Ne5 Na6 {is like the game.}) 9... Bf8 $5 (9... c5 10. dxc5
Bxc5 11. Nd3 Bf8 12. cxd5 exd5 13. Nf3 $14) 10. Rd1 {I do not know if this
move was necessary.} (10. Ndf3 h6 11. c5 bxc5 12. dxc5 c6 13. Be3 a5 $132)
10... Na6 11. a3 c5 12. dxc5 bxc5 13. Nd3 (13. Ndf3 Qc7 $13) 13... Qe7 $5 {
Among all the different places for the queen I had to choose this one.} (13...
Qc7 14. Nf3 Bd6 {was more normal.} (14... d4 15. Bf4)) (13... Qb6 14. Nf3) 14.
Nf3 d4 $1 15. e3 (15. b4 Be4) 15... Be4 $6 {Ambitious!} (15... dxe3 16. Bxe3
Ng4 $11) 16. exd4 Qb7 17. Qe2 cxd4 18. b4 $5 {Very risky play!} (18. Bf4 Nc5
19. Nxc5 Bxc5 20. b4 Rad8 21. bxc5 d3 22. Qf1 Bxf3 23. Bxf3 Qxf3 24. Bd6 Ne4
25. Rxd3 Qf5 26. Rad1 Nxc5 27. Bxc5 Rxd3 28. Qxd3 Qxc5 $11) 18... Nd7 $6 {
I have thought like I had to keep pace.} (18... e5 19. Ndxe5 Rxe5 20. Nxe5 Bxg2
21. f4 $1 (21. f3 Bh3 22. Rxd4 Re8 $40) 21... Be4 22. Rxd4 Nc7 $13) 19. Nf4 $6
(19. Bf4 Rad8 20. Re1 f5 21. Rad1 Nab8 22. Nh4 Bxg2 23. Nxg2 Nc6 24. Qf3 $16 {
would have brought him a solid advantage.}) 19... e5 20. Nd5 f5 21. Bh3 d3 22.
Qe3 Nb6 $6 {The seemingly winning move} (22... g6 $142 23. Ng5 Bxd5 (23... Bh6
24. Nc3) 24. Qxd3 Bc6 25. b5 Nac5 26. bxc6 Qxc6 27. Qd5+ Qxd5 28. cxd5 e4 29.
g4 $1 $13) 23. Nxb6 $2 (23. Nd2 $1 Bxd5 (23... Nxd5 24. cxd5 Bxd5 25. Bxf5 e4
26. Re1 $16) (23... Nxc4 24. Nxc4 Qxd5 25. Nd2 $1 Bxb4 26. axb4 Nxb4 27. Nxe4
fxe4 28. Rxa7 Nc2 29. Qb6 Rxa7 30. Qxa7 Nd4 31. Be3 $16) 24. cxd5 g6 25. Qxd3
e4 26. Qb3 Qxd5 27. Bf1 Qxb3 28. Nxb3 Nc7 $14 {and the fight continues.}) 23...
axb6 ({I bet he was counting on} 23... Bxf3 $6 24. Rxd3 axb6 25. Bxf5 e4 26.
Rd7 Qc6 27. Bb2 $44) 24. Ng5 Nxb4 $19 25. Nxe4 fxe4 26. Rb1 Bc5 {I had to
accept his queen sac since} ({after} 26... Nc2 27. Qxb6 Qf7 28. Bg2 Qxc4 29.
Qb5 $1 $44 {is not crystal clear.}) 27. axb4 $3 {Excellent} Bxe3 28. Bxe3 $17 {
The start of an interesting battle two bishops versus queen!} b5 $5 (28... Ra2
29. c5 bxc5 30. bxc5 (30. Bxc5 Qd5 31. Be3 Rb8) 30... Rb2 31. Rbc1 Qc6 32. Bg2
Rd8 33. h4 h6 $19 {might have been simpler.}) 29. cxb5 (29. c5 Qd5 30. Rbc1 Ra6
31. Bg2 Rea8 $19) 29... Qxb5 30. Bg2 Ra2 $1 {Black has decideded to push his
own passer.} (30... Qd5 $2 31. b5 Ra4 {to prevent his Rb4.} 32. b6 Rb8 33. Rb2
Rb7 34. Rdb1 $15) 31. Bxe4 Rd8 $19 32. Rdc1 d2 33. Rd1 Qc4 34. Bg2 Qc2 35. Bf3
Ra3 $1 (35... Rb2 $2 36. Rxb2 Qxb2 37. b5 Qxb5 38. Rxd2 Rxd2 39. Bxd2 $11) 36.
Bb6 Rxf3 (36... Rc8 $142 {is simpler.} 37. Bd5+ (37. Kg2 Rxf3 38. Kxf3 Qxb1 39.
Rxb1 Rc1 $19) 37... Kh8 38. Bc5 Rc3 39. Ra1 Qb2 40. Kg2 Qxa1 41. Rxa1 Rc1 $19)
37. Bxd8 Rb3 38. Ra1 Rxb4 39. Bg5 Rd4 40. Be3 Rd7 {I sort of wanted to escort
the king down the board like my game with the late Chepukaitis.} (40... Rd3 41.
Kf1 Qc4 42. Kg1 Rxe3 43. fxe3 Qe2 $19) 41. h3 Kf7 42. Kg2 h6 43. g4 $1 Rd6 44.
Kf3 Ke6 45. Ke2 $4 {This loses immediately.} ({After} 45. Kg3 {I still had to
sweat!} Rd3 46. Kg2 Kd5 47. Kf3 $1 (47. Rab1 Rxe3 48. fxe3 Ke4 $19) 47... Rb3
$1 (47... Kc4 $2 48. Ke2 $1 Rxe3+ $1 (48... Kb3 49. Rxd2 (49. Bxd2 $2 Rxd2+ 50.
Rxd2 Qe4+ 51. Kd1 Qh1+ $19) 49... Rxd2+ 50. Bxd2 Qc4+ 51. Kf3 Qd4 52. Ra5 Qxd2
53. Rxe5 $11) 49. fxe3 Qd3+ 50. Kf2 Kb3 $19 51. Rh1 e4 52. Rhg1 Qc4 53. Rgd1
Qf7+ 54. Kg1 Kc2 $19 {is just like my win against Chepukaitis.}) 48. Ra5+ Ke6
49. Raa1 Ra3 50. Rab1 Qc6+ 51. Kg3 (51. Ke2 Qc4+ 52. Kf3 e4+ $19) 51... Qe4 52.
Rb6+ Kf7 53. Kh2 Rxe3 54. fxe3 Qd3 $19) 45... Qc4+ 46. Kf3 e4+ 47. Kg3 Qe2 $1
$19 48. Kh4 Rd5 {I had chosen to be consistent with my idea of giving up the
second exchange.} (48... Qf3 $19) 49. Rab1 Kf6 50. Rb6+ Kf7 51. Rbb1 Rd3 0-1

[Event "Novi Sad TS 80th"]
[Site "Novi Sad"]
[Date "2018.06.30"]
[Round "1"]
[White "Atalik, Suat"]
[Black "Savic, Miodrag R"]
[Result "1/2-1/2"]
[WhiteElo "2512"]
[BlackElo "2545"]
[Annotator "Atalik,S"]
[PlyCount "20"]
[EventDate "2018.06.30"]
[EventType "tourn"]
[EventRounds "9"]
[EventCountry "SRB"]
[EventCategory "7"]
[SourceTitle "CBM 186"]
[Source "ChessBase"]
[SourceDate "2018.09.14"]
[SourceVersion "1"]
[SourceVersionDate "2018.09.14"]
[SourceQuality "1"]

1. d4 Nf6 2. c4 e6 3. Nf3 b6 4. g3 Bb7 5. Bg2 Bb4+ {QID and Bogo together.} 6.
Bd2 Bxd2+ 7. Qxd2 O-O 8. O-O (8. Nc3 Ne4 9. Qd3 $5 Nxc3 10. Ng5 Ne4 11. Nxe4
$14) 8... d6 9. Nc3 Ne4 10. Nxe4 Bxe4 1/2-1/2

[Event "Najdorf Memorial 8th"]
[Site "Buenos Aires"]
[Date "1997.05.19"]
[Round "1"]
[White "Adianto, Utut"]
[Black "Campora, Daniel Hugo"]
[Result "1/2-1/2"]
[WhiteElo "2615"]
[BlackElo "2555"]
[Annotator "Avrukh,B"]
[PlyCount "63"]
[EventDate "1997.05.19"]
[EventType "tourn"]
[EventRounds "9"]
[EventCountry "ARG"]
[EventCategory "13"]
[SourceTitle "CBM 060"]
[Source "ChessBase"]
[SourceDate "1997.09.29"]
[SourceVersion "1"]
[SourceVersionDate "1997.09.29"]
[SourceQuality "1"]

1. d4 Nf6 2. c4 e6 3. Nf3 b6 4. g3 Bb7 5. Bg2 c5 6. d5 exd5 7. Nh4 Na6 8. cxd5
d6 9. O-O g6 10. Nc3 Bg7 11. f4 O-O 12. e4 Re8 13. Re1 Nc7 (13... Nd7 14. Be3 (
14. Nb5 Nf8) 14... Qb8 {[%csl Gb7]} (14... Nc7 $2 15. e5 dxe5 16. d6 Bxg2 17.
dxc7 $18) 15. Qd2 Nc7 16. a4 a6 17. Qd3 Nf6 18. h3 b5 19. axb5 axb5 20. Rxa8
Bxa8 $11 {0-1 Knoll,H-Usachyi,M/Loosdorf op 1993 (28)}) 14. a4 (14. e5 $2 dxe5
15. d6 Bxg2 16. Nxg2 Ne6 17. fxe5 Nd7 18. Qd5 Nd4 $1 $17) 14... Rb8 $6 $146 (
14... a6 $142 15. Bd2 (15. e5 dxe5 16. d6 Bxg2 17. Kxg2 Ne6 18. fxe5 Nd7 19.
Nf3 Nd4 $13) 15... b5 16. e5 $2 Nfxd5 17. Ne4 dxe5 18. Nxc5 Bc6 $17 {1/2-1/2
Kindl,P-Roemer,U/BL2-S 1988 (23)}) 15. Be3 a6 16. Bf2 $1 b5 17. e5 (17. axb5
Nxb5 $5 {[%cal Gb5d4]} (17... axb5 {[%cal Gb5b4,Gc7b5]} 18. e5 dxe5 19. d6 {
leads to the game.}) 18. Nxb5 axb5 19. Qc2 Nd7 $11) 17... dxe5 18. d6 Ne6 19.
fxe5 Nd7 20. Bxb7 Rxb7 21. Qd5 Rb8 (21... Qc8 $143 22. axb5 axb5 23. Nf3 Nb6
24. Qe4 Nc4 25. Nxb5 Nxb2 (25... Rxb5 26. Qxc4 Rxb2 27. Ra7 $16 {[%csl Gd6]})
26. Na7 Qd7 27. Nc6 $16) 22. axb5 axb5 23. Nf3 $2 (23. Ra7 $1 Nd4 (23... Nb6
24. Qc6 $16) (23... b4 24. Na4 (24. Ne4 Nb6 (24... Nxe5 25. Nxc5 Nxc5 26. Bxc5
$16 (26. Rxe5 $144 Ne6 27. Re2)) 25. Qa2 (25. Qc6 Bxe5) 25... c4 26. Nf3 $16)
24... Ra8 25. Rxd7 Qxd7 26. Nb6 Qa7 27. Nxa8 Qxa8 28. Qc4 $16) 24. Bxd4 cxd4
25. Rf1 (25. e6 fxe6 26. Rxe6 Kh8 27. Ne4 Nb6 28. Rxe8+ Qxe8 29. Qf7 Qxf7 30.
Rxf7 d3 $132) 25... Rf8 26. Nxb5 (26. Ne4 $5 Nxe5 $140 27. Re7) 26... Nxe5 27.
Nf3 $1 {[%csl Gf7]} Nxf3+ (27... Ng4 28. Rxf7 $1 Rxf7 29. Ng5 $16) 28. Rxf3 Qe8
29. Re7 $3 Rxb5 (29... Qxb5 30. Rfxf7 $18) 30. Qc4 $18) 23... Ng5 $1 24. Nxg5
Qxg5 25. e6 (25. Ra7 Rxe5 26. Rxe5 Nxe5 27. d7 b4 28. Ne2 Rd8 29. Nf4 Qf5 $132)
25... Qxd5 26. Nxd5 Rxe6 (26... fxe6 $143 27. Nc7) 27. Ne7+ Kf8 28. Rxe6 fxe6
29. Nc6 Rc8 (29... Rb6 30. Ra8+ $1 (30. Ra7 $2 Rxc6 31. Rxd7 Bxb2 (31... Be5
32. Rb7 Bxd6 33. Rxb5 c4 {but , here white has some chances to make a draw.})
32. Rxh7 (32. Rc7 Rxd6 33. Bxc5 Bd4+ 34. Bxd4 Rxd4 $17) 32... c4 33. d7 Rd6 34.
Kf1 (34. Bc5 Bd4+ $19) 34... Bd4 $19) 30... Kf7 31. Nd8+ $1 (31. Rd8 Rxc6 32.
Rxd7+ Kf6 (32... Kg8 33. Rd8+ Kf7 34. Rd7+ $11) 33. Rd8 c4 34. Be1 $1 $44)
31... Kf6 32. b4 Rxd6 33. bxc5 Rd1+ 34. Kg2 {and white is not worse.}) (29...
Re8 $4 30. Ra7 $18) 30. Ne7 Rb8 31. Nc6 Rc8 32. Ne7 1/2-1/2